LEADER 01342nam a2200289 i 4500 001 000000106229 003 CaOOAMICUS 005 20020822000000.0 008 020822s2002 it u000 u ita u 013 $a78423 020 $a88-343-0881-6 040 $aSeMil$bita 100 1 $aLe Moli, Andrea <1973- >.$0(OLS)http://semarc/name/44707 245 10$aHeidegger e Platone :$bessere, relazione, differenza /$cAndrea Le Moli ; Presentazione di Costantino Esposito. 260 $aMilano :$bVita e Pensiero,$c2002. 300 $aXXIII, 245 p. ;$c22 cm. 490 0 $aTemi metafisici e problemi del pensiero antico : studi e testi ;$v89 600 14$aHeidegger, Martin <1889-1976>.$0(OLS)http://semarc/subject/986 600 04$aPlatone .$0(OLS)http://semarc/subject/988 700 1 $aEsposito, Costantino.$0(OLS)http://semarc/name/8628 830 0$aTemi metafisici e problemi del pensiero antico ;$v89.$0(OLS)http://semarc/title/109 850 $aSeMil 852 $aSeMil$W1$xVenegono$y1$m2R V 409$j62379$B62379$CSeMilBibl$Z2$F71987 $81 961 $aOmaggio: Altro 996 $6020$a88-343-0881-6$9(OLS)http://semarc/number/86750 996 $6245$aHeidegger e Platone :$bessere, relazione, differenza$9(OLS)http://semarc/title/153996 996 $6260$aMilano :$bVita e Pensiero$9(OLS)http://semarc/publisher/29642 LEADER 01269nam a2200265 i 4500 001 000000348684 003 CaOOAMICUS 005 20211126141247.0 008 211126s2013 it u000 u ita u 013 $a189666 020 $a978-88-6512-160-3 040 $aSeMil$bita 100 1 $aGarcía Martín, Julio,$c.$0(OLS)http://semarc/name/37993 245 13$aLa formazione del diritto missionario durante il sistema tridentino (1563-1917) /$cJulio García Martín. 264 1$aVenezia :$bMarcianum Press,$c2013. 300 $a373 p. ;$c22 cm. 490 1 $aFacoltà di diritto canonico San Pio X. Monografie ;$v11 650 4$aMissioni - Diritto canonico - 1563-1917.$0(OLS)http://semarc/subject/51291 830 0$aIus canonicum. Monografie / Facoltà di diritto canonico San Pio X. Diritto canonico ;$v11.$0(OLS)http://semarc/title/437573 850 $aSeMil 852 $aSeMil$W1$xVenegono$y1$m2TA F 11$j230265$B239787$CSeMilBibl$Z2$F239787 $81 996 $6020$a978-88-6512-160-3$9(OLS)http://semarc/number/294717 996 $6245$aLa formazione del diritto missionario durante il sistema tridentino (1563-1917)$9(OLS)http://semarc/title/438121 996 $6264$aVenezia :$bMarcianum Press$9(OLS)http://semarc/publisher/31536